A marginal victory on valuation negligence (Record no. 84654)

MARC details
000 -LEADER
fixed length control field 00818cab a22002055a 4500
001 - CONTROL NUMBER
control field L158675
008 - FIXED-LENGTH DATA ELEMENTS--GENERAL INFORMATION
fixed length control field 150609e20150516xxk 000 0 eng d
035 ## - SYSTEM CONTROL NUMBER
System control number (Sirsi) u158675
041 0# - LANGUAGE CODE
Language code of text/sound track or separate title eng
100 1# - MAIN ENTRY--PERSONAL NAME
Personal name Richardson, Frances
245 02 - TITLE STATEMENT
Title A marginal victory on valuation negligence
260 ## - PUBLICATION, DISTRIBUTION, ETC.
Date of publication, distribution, etc. 2015
490 ## - SERIES STATEMENT
Series statement Estates Gazette
Volume/sequential designation (1519) 16 May 2015, 122-124(3)
520 ## - SUMMARY, ETC.
Summary, etc. Analysis of the current law on permissible margins of errors in valuations. Includes recent case law which confirms that a challenge to a valuation must go through two steps to succeed. First, the figure needs to fall outside the permissible margin and second, the valuation process is seen to be incompetent.
590 ## - LOCAL NOTE (RLIN)
Local note KA
651 #4 - SUBJECT ADDED ENTRY--GEOGRAPHIC NAME
Geographic name United Kingdom
690 ## - LOCAL SUBJECT ADDED ENTRY--TOPICAL TERM (OCLC, RLIN)
Topical term or geographic name as entry element Valuation
9 (RLIN) 6273
700 1# - ADDED ENTRY--PERSONAL NAME
Personal name Bradford, Katie
942 ## - ADDED ENTRY ELEMENTS (KOHA)
Suppress in OPAC 0
Holdings
Withdrawn status Lost status Source of classification or shelving scheme Damaged status Not for loan Home library Current library Shelving location Date acquired Total Checkouts Full call number Barcode Date last seen Copy number Price effective from Koha item type
    Dewey Decimal Classification     London London Journal article 09/06/2015   L158675 158675-1001 06/08/2019 1 06/08/2019 Journal article